000
00347nam a22001337a 4500
003
LK-CoDNM
005
20240502151120.0
008
240502b |||||||| |||| 00| 0 eng d
040
_a
LK-CoDNM
_d
LK-CoDNM
_e
LK-CoDNM
080
_a
ඩ7
245
_a
අධ්යාපන ප්රවෘත්ති
300
_a
216p.,25cm
942
_c
BK
999
_c
145685
_d
145685